000 00738nam a22002297a 4500
005 20170123162304.0
010 _aA-304731
020 _c00.00
035 _aA-304731
037 _bCen Lib/Ret
040 _aDPL
_bUR
082 _a270
_bا ب و
100 _aابو کلام آزاد
_9108509
245 _a / اصحابِ کهف
_cابو کلام آزاد
246 _aAshab kef /
_bby Abu Kalam Azad
260 _aنیی دہلی
_bاعتقاد پبلشنگ ہاؤس
_c1987
270 _bنیی دہلی
_a١٤٩١، کوٹنا سٹریٹ، سویی والہان
_e110002
300 _a128p.
_c18cm(Hb)
650 _aاسلام
_9108510
650 _aIslam
_95289
942 _2ddc
_cUR
_h270
_mا ب و
999 _c106173
_d106173